¿Hay fascismo en América Latina? /

Enregistré dans:
Détails bibliographiques
Auteur principal: Soares, José
Format: Texte
Tags: Ajouter un tag
Pas de tags, Soyez le premier à ajouter un tag!

MARC

LEADER 00000 a a2200000 04500
001 16395
003
040
100 |a Soares, José  
245 |a ¿Hay fascismo en América Latina? /  |c José Soares 
773 |g número 12; páginas 48-92  
999 |c 21751  |d 21751